Κατάλογος Βιβλιοθηκών Mediterranean College

The Strategy of Distribution Management (Record no. 1478)

MARC details
000 -LEADER
fixed length control field 01192cam a22002054a 4500
005 - ΗΜΕΡΟΜΗΝΙΑ ΚΑΙ ΩΡΑ ΤΕΛΕΥΤΑΙΑΣ ΕΝΗΜΕΡΩΣΗΣ
Πεδίο ελέγχου 20250605164010.0
008 - FIXED-LENGTH DATA ELEMENTS--GENERAL INFORMATION
Πεδίο ελέγχου σταθερού μήκους 250528s ||||||||||||||||||||||||d
035 ## - SYSTEM CONTROL NUMBER
System control number 15931
020 ## - ISBN
ISBN 750603674
040 ## - ΠΗΓΗ ΚΑΤΑΛΟΓΟΓΡΑΦΗΣΗΣ
Φορέας πρωτότυπης καταλογογράφησης MC Athens Campus Library
Γλώσσα καταλογογράφησης Ελληνικά, Μοντέρνα (1453-)
Modifying agency MC Athens Campus Library
Κανόνες περιγραφικής καταλογογράφησης AACR2
245 1# - ΤΙΤΛΟΣ ΚΑΙ ΔΗΛΩΣΗ ΥΠΕΥΘΥΝΟΤΗΤΑΣ
Τίτλος The Strategy of Distribution Management
260 ## - PUBLICATION, DISTRIBUTION, ETC.
Name of publisher, distributor, etc. Butterworth Heinemann,
Date of publication, distribution, etc. 1986
300 ## - PHYSICAL DESCRIPTION
Extent 182
505 0# - FORMATTED CONTENTS NOTE
Formatted contents note Preface, The Total Distribution Concept, The Corporate Role of Logistics, Customer Service and Marketing, The Cost of Distribution, Auditing Distribution Performance, Logistics Information Systems, Distribution Requirements Planning, Distribution and Supply Channel Strategy, Developing the Distribution Plan, Implementing Logistics Strategy, Index.
520 ## - SUMMARY, ETC.
Summary, etc. Preface, The Total Distribution Concept, The Corporate Role of Logistics, Customer Service and Marketing, The Cost of Distribution, Auditing Distribution Performance, Logistics Information Systems, Distribution Requirements Planning, Distribution and Supply Channel Strategy, Developing the Distribution Plan, Implementing Logistics Strategy, Index.
700 1# - ΠΡΟΣΘΕΤΗ ΑΝΑΓΡΑΦΗ--ΦΥΣΙΚΟ ΠΡΟΣΩΠΟ
Personal name Christopher Martin
9 (RLIN) 1431
942 ## - ADDED ENTRY ELEMENTS (KOHA)
Koha item type Books
Holdings
Τύπος τεκμηρίου Βιβλιοθήκη Τρέχουσα τοποθεσία Barcode Αριθμός εισαγωγής Ημερομηνία απόκτησης Ταξιθετικό σύμβολο Αριθμός αντιτύπου Κατάσταση απόσυρσης Κατάσταση χαμένου Κατάσταση κατεστραμμένου Μη δανεισμός Σύνολο δανεισμών Ημερομηνία τελευταίας εμφάνισης Η τιμή ισχύει από
Books MC Athens Campus Library MC Athens Campus Library 9780000014771 2546 05/06/2025 658.7/88 CHR 1           05/06/2025 05/06/2025

MC Athens Campus Library
Πατησίων 94 & Κοδριγκτώνος 13, 104 34
Πελλήνης 8 & Πατησίων 107, 112 51
Τ: +30 210 8899600

MC Thessaloniki Campus Library
Ίωνος Δραγούμη 21, 54625 | Ίωνος Δραγούμη 15, 54625
Τ: +30 2310 287779 – Τ: +30 2314 440300